000
00352pab a2200157 454500
008
180718b1997 xxu||||| |||| 00| 0 eng d
100
_a
Sahay, K.B.
245
_a
Heading for disaster
260
_c
1997
300
_a
p.11
362
_a
4 Jul
650
_a
Population - India
650
_a
Population
773
_a
Hindustan Times
909
_a
35781
999
_c
35781
_d
35781